| 000 | 00760nam a2200265 a 4500 | ||
|---|---|---|---|
| 008 | |||
| 020 | _a0750647809 (hbk.) | ||
| 049 | _aMAIN | ||
| 090 |
_aRD31 _bESS |
||
| 245 | 0 | 0 |
_aEssential surgical practice / _cedited by A. Cuschieri, G.R. Giles and A.R. Moossa. |
| 250 | _a4th ed. | ||
| 260 |
_aOxford : _bButterworth-Heinemann, _c2000. |
||
| 300 |
_aviii, 585 p. : _bill. ; _c28 cm. |
||
| 500 | _aIncludes index. | ||
| 504 | _aIncludes bibliographical references. | ||
| 650 | 1 | 2 | _aSurgery. |
| 700 | 1 | _aCuschieri, A. | |
| 700 | 1 | _aGiles, G.R. | |
| 700 | 1 | _aMoossa, A.R. | |
| 907 |
_a.b10150766 _b21-05-13 _c07-02-05 |
||
| 003 | |||
| 005 | 20230120203840.0 | ||
| 040 | _cNUST | ||
| 942 |
_cBOOKS _kRD31 _mESS |
||
| 999 |
_c112556 _d112556 |
||